| 000 | 00593nam a2200277Ia 4500 | ||
|---|---|---|---|
| 005 | 20260401122431.0 | ||
| 008 | 008 250103s9999 xx 000 0 eng d | ||
| 020 | _a9780333606599 | ||
| 037 | _aTB | ||
| 040 | _aEDL | ||
| 040 | _beng | ||
| 040 | _cEDL | ||
| 041 | _2eng | ||
| 041 | _aeng | ||
| 084 | _a820.91WIL | ||
| 084 | _qEDL | ||
| 245 | 0 | _aModernist writers and the marketplace | |
| 260 | _aNewYork | ||
| 260 | _bMacMillan Press | ||
| 260 | _c1996 | ||
| 300 | _a331p | ||
| 942 | _cTB | ||
| 942 | _h820.91WIL | ||
| 999 |
_c1847245 _d1847245 |
||